| 000 | 00923cam a22003013a 4500 | ||
|---|---|---|---|
| 001 | 30142 | ||
| 003 | PGUSA | ||
| 005 | 20140828083642.0 | ||
| 008 | 090930s2009||||xxu|||||s|||||000 1 eng d | ||
| 040 |
_aPGUSA _beng |
||
| 042 | _adc | ||
| 050 | 4 | _aPS | |
| 050 | 4 | _aPZ | |
| 100 | 1 |
_aDoctorow, Cory, _d1971- |
|
| 245 | 1 | 0 |
_aLittle Brother _h[electronic resource] / _cCory Doctorow |
| 260 |
_bProject Gutenberg, _c2009 |
||
| 506 | _aCopyrighted. Read the copyright notice inside this book for details. | ||
| 516 | _aElectronic text | ||
| 653 | _aTerrorism -- Fiction | ||
| 653 | _aComputer hackers -- Fiction | ||
| 653 | _aCivil rights -- Fiction | ||
| 653 | _aUnited States. Dept. of Homeland Security -- Fiction | ||
| 653 | _aCounterculture -- Fiction | ||
| 653 | _aSan Francisco (Calif.) -- Fiction | ||
| 830 | 0 |
_aProject Gutenberg _v30142 |
|
| 856 | 4 | 0 | _uhttp://www.gutenberg.org/ebooks/30142 |
| 942 | _cEB | ||
| 999 |
_c259397 _d259397 |
||